00798nam a2200217 i 450000100060000000300090000600500170001500700030003200800410003510000240007624501680010026000520026830000220032049000230034265000380036565000370040370000280044071000330046883000580050185200210055945696ES-MaACL20250910212614.0t|030326s1974 sp ||||1| spa d1 aComín, Alfonso C.10aJuventud obrera y conciencia de clase b: el proceso inmigratorio y su función innovadora en la sociedad catalana / cAlfonso C. Comín, Juan N. García-Nieto. aMadrid : bCuadernos para el Diálogo, c1974. a224 p. ; c21 cm.1 aColección I.T.S. 4aConciencia de clase-zCataluña. 4aMigración interior-zEspaña.1 aGarcía-Nieto, Joan N.2 aCuadernos para el Diálogo.1 aColección I.T.S. [Instituto de Técnicas Sociales] aES-MaACLjE-7318